Statistics for 2016 Olympics Sport Domination

Click here to take the quiz!

General Stats

  • This quiz has been taken 106 times
  • The average score is 12 of 18

Answer Stats

AverageSportCountry% Correct
6.5Table TennisChina (4 2 0)
100%
5BasketballUnited States (2 0 0)
98%
6.5Rhythmic GymnasticsRussia (2 1 0)
90%
3.53SwimmingUnited States (16 8 9)
90%
4Beach VolleyballBrazil (1 1 0)
88%
5.25DivingChina (7 2 1)
83%
5Synchronised SwimmingRussia (2 0 0)
80%
4.3Cycling TrackGreat Britain (6 4 1)
72%
5.25ArcherySouth Korea (4 0 1)
65%
4FootballGermany (1 1 0)
64%
2.86Artistic GymnasticsUnited States (4 6 2)
64%
4.5TriathlonGreat Britain (1 1 1)
63%
4Cycling BMXUnited States (1 1 0)
62%
3EquestrianGermany (2 2 2)
62%
3HandballFrance (0 2 0)
49%
3Synchronised SwimmingChina (0 2 0)
43%
5Marathon SwimmingNetherlands (2 0 0)
32%
3Cycling BMXColombia (1 0 1)
15%

Score Distribution

Percentile by Number Answered

Percent of People with Each Score

Your Score History

You have not taken this quiz